The Complete Encyclopaedia of Antiques (Record no. 3940)
[ view plain ]
| 000 -CABECERA | |
|---|---|
| campo de control de longitud fija | 00790nam a2200253 a 4500 |
| 001 - NÚMERO DE CONTROL | |
| campo de control | BRCA_4229 |
| 005 - FECHA Y HORA DE LA ÚLTIMA TRANSACCIÓN | |
| campo de control | 20190320204607.0 |
| 008 - DATOS DE LONGITUD FIJA--INFORMACIÓN GENERAL | |
| campo de control de longitud fija | 110610s1962----enka######---#000-0#eng-# |
| 041 ## - CÓDIGO DE LENGUA | |
| Código de lengua del texto/banda sonora o título independiente | eng |
| 044 ## - CÓDIGO DEL PAÍS DE LA ENTIDAD EDITORA/PRODUCTORA | |
| Código MARC del país | enk |
| 050 #4 - SIGNATURA TOPOGRÁFICA DE LA BIBLIOTECA DEL CONGRESO | |
| Número de clasificación | NK1125 |
| Número de documento/Ítem | .C66 1962 |
| 245 10 - MENCIÓN DE TÍTULO | |
| Título | The Complete Encyclopaedia of Antiques |
| Mención de responsabilidad, etc. | compiled by the Connoisseur. |
| 260 ## - PUBLICACIÓN, DISTRIBUCIÓN, ETC. | |
| Lugar de publicación, distribución, etc. | Londres |
| Nombre del editor, distribuidor, etc. | L.G.G. Ramsey, F.S.A. |
| Fecha de publicación, distribución, etc. | 1962 |
| 300 ## - DESCRIPCIÓN FÍSICA | |
| Extensión | 1472 p. |
| Otras características físicas | il. |
| Dimensiones | 26 cm. |
| 500 ## - NOTA GENERAL | |
| Nota general | Incluye lista de índices de museos y galerías |
| 500 ## - NOTA GENERAL | |
| Nota general | Enciclopedia inventariada por Banco de México como libro |
| 500 ## - NOTA GENERAL | |
| Nota general | AM41 |
| 650 14 - PUNTO DE ACCESO ADICIONAL DE MATERIA--TÉRMINO DE MATERIA | |
| Término de materia o nombre geográfico como elemento de entrada | Objetos de arte |
| Subdivisión de forma | Enciclopedias |
| 9 (RLIN) | 10898 |
| 650 14 - PUNTO DE ACCESO ADICIONAL DE MATERIA--TÉRMINO DE MATERIA | |
| Término de materia o nombre geográfico como elemento de entrada | Coleccionistas y colecciones |
| 9 (RLIN) | 10899 |
| 650 14 - PUNTO DE ACCESO ADICIONAL DE MATERIA--TÉRMINO DE MATERIA | |
| Término de materia o nombre geográfico como elemento de entrada | Antigüedades |
| 9 (RLIN) | 10900 |
| 710 2# - PUNTO DE ACCESO ADICIONAL--NOMBRE DE ENTIDAD CORPORATIVA | |
| Nombre de entidad corporativa o nombre de jurisdicción como elemento de entrada | The Connoisseur |
| 9 (RLIN) | 10901 |
| 902 ## - CATALOGADOR | |
| Iniciales | GFM |
| 942 ## - ELEMENTOS DE PUNTO DE ACCESO ADICIONAL (KOHA) | |
| Fuente del sistema de clasificación o colocación | Library of Congress Classification |
| Tipo de ítem Koha | Libros |
| Estado de retiro | Estado de pérdida | Estado dañado | No para préstamo | Localización permanente | Ubicación/localización actual | Fecha de adquisición | Número de inventario | Total de préstamos | Signatura topográfica completa | Código de barras | Fecha visto por última vez | Precio válido a partir de | Tipo de ítem Koha |
|---|---|---|---|---|---|---|---|---|---|---|---|---|---|
| El ejemplar forma parte de la colección y puede ser consultado según las políticas vigentes. | Biblioteca del Museo Franz Mayer (Rogerio Casas-Alatriste) | Biblioteca del Museo Franz Mayer (Rogerio Casas-Alatriste) | 10/06/2010 | AM41 | NK1125 .C66 1962 (AM41) | 4226 | 22/03/2019 | 22/03/2019 | Libros |